[Event "10th Ugra Governor's Cup"]
[Site "Khanty-Mansiysk RUS"]
[Date "2014.11.05"]
[Round "1.1"]
[White "Shimanov, Aleksandr"]
[Black "Matlakov, Maxim"]
[Result "0-1"]
[WhiteTitle "GM"]
[BlackTitle "GM"]
[WhiteElo "2589"]
[BlackElo "2685"]
[WhiteFideId "4198603"]
[BlackFideId "4168003"]
[EventDate "2014.11.05"]

1. d4 Nf6 2. Nf3 d5 3. c4 e6 4. Nc3 Bb4 5. Bg5 h6 6. Bxf6 Qxf6 7. e3 O-O 8. Rc1
dxc4 9. Bxc4 c5 10. O-O cxd4 11. Ne4 Qe7 12. exd4 Nc6 13. Qe2 Rd8 14. Rfd1 Ba5
15. Ng3 Bb6 16. Qe4 Bd7 17. Nh5 Be8 18. Qg4 g6 19. Ng3 Rac8 20. Re1 Nxd4 21. Ne5
Qg5 22. Qxg5 hxg5 23. Ne4 Kg7 24. Bf1 Rxc1 25. Rxc1 g4 26. Nc4 Bc7 27. Ne3 Bc6
28. Rc4 Bb6 29. Nc5 Nf5 30. Nxg4 Rd1 31. Nb3 Bd5 32. Rb4 Bc7 33. Ne3 Nxe3 34.
fxe3 a5 35. Ra4 b5 36. Rd4 Rb1 37. Kf2 a4 38. Nd2 Rxb2 39. Ke1 Ba5 40. a3 b4 41.
e4 bxa3 42. exd5 a2 43. Rxa4 Rb1+ 44. Ke2 a1=Q 45. Rxa1 Rxa1 46. dxe6 fxe6 47.
Nc4 Bb4 48. Ne3 Kf6 49. g3 Bc5 50. Nc2 Rb1 51. Bg2 Bg1 52. h4 Ke5 53. Ne1 Ba7
54. Nf3+ Kf6 55. Nd2 Rb4 56. Be4 Bb8 57. Bd3 Rb2 58. Kd1 Kg7 59. Ne4 Rg2 60. Ke1
Ba7 61. Kf1 Rh2 62. Bc4 e5 63. Bd3 Be3 64. Be2 Kf7 65. Bc4+ Ke7 66. Bd5 Rc2 67.
Ke1 Kf8 68. Bb3 Rb2 69. Bc4 Kg7 70. Bd3 Kh6 71. Kf1 g5 72. hxg5+ Bxg5 73. Nf2
Kh5 74. Be2+ Kg6 75. Bd3+ Kf6 76. Ne4+ Kf5 77. Nf2+ Ke6 78. Bc4+ Kd7 79. Ne4 Be3
80. Bd5 Kc7 81. g4 Rh2 82. g5 Kd8 83. g6 Bh6 84. Bf7 Ke7 85. Kg1 Rh4 86. Ng3 Kf6
87. Kf2 e4 88. Kg2 e3 89. Kf3 Rh2 90. Ne4+ Kg7 91. Bc4 Kxg6 92. Bd3 Kf7 93. Bc4+
Ke7 94. Ng3 Rf2+ 95. Ke4 Kf6 96. Be2 Rh2 97. Nh5+ Ke6 98. Bg4+ Kd6 99. Ng3 Kc5
100. Ne2 Rh4 101. Kf3 Kc4 102. Ng3 Kc3 103. Ne4+ Kd3 104. Ng3 Kd2 105. Nf1+ Ke1
106. Ng3 Rh2 107. Nf5 Rf2+ 108. Ke4 Rf4+ 109. Kd3 Rxg4 0-1

[Event "10th Ugra Governor's Cup"]
[Site "Khanty-Mansiysk RUS"]
[Date "2014.11.05"]
[Round "1.2"]
[White "Khismatullin, Denis"]
[Black "Timofeev, Artyom"]
[Result "1/2-1/2"]
[WhiteTitle "GM"]
[BlackTitle "GM"]
[WhiteElo "2679"]
[BlackElo "2583"]
[WhiteFideId "4142578"]
[BlackFideId "4140419"]
[EventDate "2014.11.05"]

1. c4 c5 2. Nf3 Nf6 3. g3 d5 4. Bg2 Nc6 5. cxd5 Nxd5 6. Nc3 Nc7 7. a3 g6 8. b4
cxb4 9. axb4 Bg7 10. Ba3 a6 11. O-O O-O 12. Rc1 Nb5 13. Qa4 Nxc3 14. dxc3 b5 15.
Qc2 Bf5 16. Qb3 Be6 17. Qb1 Bf5 18. Qb3 Be6 19. Qb1 Bf5 20. Qb3 1/2-1/2

[Event "10th Ugra Governor's Cup"]
[Site "Khanty-Mansiysk RUS"]
[Date "2014.11.05"]
[Round "1.3"]
[White "Shomoev, Anton"]
[Black "Riazantsev, Alexander"]
[Result "1/2-1/2"]
[WhiteTitle "GM"]
[BlackTitle "GM"]
[WhiteElo "2569"]
[BlackElo "2678"]
[WhiteFideId "4135148"]
[BlackFideId "4125029"]
[EventDate "2014.11.05"]

1. d4 Nf6 2. c4 e6 3. Nc3 Bb4 4. Qc2 O-O 5. a3 Bxc3+ 6. Qxc3 d6 7. f3 c5 8. dxc5
dxc5 9. Bf4 Nc6 10. Rd1 Qa5 11. Qxa5 Nxa5 12. e4 b6 13. b4 Nc6 14. bxc5 bxc5 15.
Bd6 Rd8 16. Ne2 Nd4 17. e5 Nf5 18. Bxc5 Rxd1+ 19. Kxd1 Nd7 20. Bf2 Ba6 21. Nd4
Nxe5 22. Nxf5 exf5 23. c5 Bxf1 24. Rxf1 Nd3 25. Be3 Rc8 26. Ke2 Nxc5 27. Rc1 Re8
28. Rxc5 f4 29. Rc3 g6 30. g3 fxe3 31. Rxe3 Rb8 32. Rd3 Rb2+ 33. Rd2 Rb3 34. Rd3
Rb2+ 35. Rd2 Rb3 36. Rd3 1/2-1/2

[Event "10th Ugra Governor's Cup"]
[Site "Khanty-Mansiysk RUS"]
[Date "2014.11.05"]
[Round "1.4"]
[White "Sjugirov, Sanan"]
[Black "Bocharov, Dmitry"]
[Result "1-0"]
[WhiteTitle "GM"]
[BlackTitle "GM"]
[WhiteElo "2673"]
[BlackElo "2567"]
[WhiteFideId "4189302"]
[BlackFideId "4138716"]
[EventDate "2014.11.05"]

1. d4 Nf6 2. c4 e6 3. Nf3 b6 4. g3 Bb4+ 5. Bd2 Be7 6. Bg2 c6 7. O-O O-O 8. Nc3
d5 9. Bf4 Nbd7 10. Rc1 Bb7 11. cxd5 cxd5 12. Nb5 Ne8 13. Qd3 g5 14. Bc7 Nxc7 15.
Rxc7 Rb8 16. Rc2 a6 17. Na7 Qe8 18. Qe3 g4 19. Nd2 Kh8 20. Rfc1 Rg8 21. Qb3 Bd6
22. e4 dxe4 23. Nxe4 Bxe4 24. Bxe4 b5 25. Rc6 Qf8 26. Nc8 Be7 27. Rc7 Bg5 28.
R1c6 Nf6 29. Nd6 Rg7 30. d5 Nxe4 31. Nxe4 Bd8 32. Rc8 Rxc8 33. Rxc8 Rg8 34. dxe6
fxe6 35. Qxe6 Qe7 36. Qd5 Rf8 37. Kg2 h6 38. Rc6 Kh7 39. Rd6 1-0

[Event "10th Ugra Governor's Cup"]
[Site "Khanty-Mansiysk RUS"]
[Date "2014.11.05"]
[Round "1.5"]
[White "Predke, Alexandr"]
[Black "Artemiev, Vladislav"]
[Result "0-1"]
[BlackTitle "GM"]
[WhiteElo "2545"]
[BlackElo "2660"]
[WhiteFideId "24107581"]
[BlackFideId "24101605"]
[EventDate "2014.11.05"]

1. e4 c5 2. Nf3 e6 3. d4 cxd4 4. Nxd4 a6 5. Bd3 Nf6 6. O-O Qc7 7. Qe2 d6 8. c4
g6 9. Nc3 Bg7 10. Nf3 O-O 11. Bf4 Nh5 12. Bd2 b6 13. Rac1 Bb7 14. a3 Nd7 15. b4
Rac8 16. Be3 Qb8 17. Qd2 f5 18. exf5 Bxf3 19. gxf3 Ne5 20. Be2 gxf5 21. Nd5 exd5
22. f4 Nf6 23. fxe5 dxe5 24. Bh6 d4 25. c5 Ne4 26. Qa2+ Kh8 27. Bxg7+ Kxg7 28.
Bxa6 Rc6 29. Qd5 Rg6+ 30. Kh1 bxc5 31. Qb7+ Qxb7 32. Bxb7 cxb4 33. axb4 Nc3 34.
b5 Nxb5 35. Rc5 Nd6 36. Bg2 e4 37. Rd5 d3 38. f3 Nc4 39. fxe4 Ne3 40. exf5 Nxd5
41. fxg6 Rxf1+ 42. Bxf1 d2 0-1

[Event "10th Ugra Governor's Cup"]
[Site "Khanty-Mansiysk RUS"]
[Date "2014.11.05"]
[Round "1.6"]
[White "Mamedov, Rauf"]
[Black "Pridorozhni, Aleksei"]
[Result "1/2-1/2"]
[WhiteTitle "GM"]
[BlackTitle "GM"]
[WhiteElo "2652"]
[BlackElo "2533"]
[WhiteFideId "13401653"]
[BlackFideId "4127870"]
[EventDate "2014.11.05"]

1. e4 e5 2. Nf3 Nc6 3. Bb5 Nf6 4. O-O Nxe4 5. Re1 Nd6 6. Nxe5 Be7 7. Bf1 Nxe5 8.
Rxe5 O-O 9. d4 Bf6 10. Re1 Nf5 11. c3 d5 12. Bd3 c6 13. Bf4 Nh4 14. Nd2 Bf5 15.
Bxf5 Nxf5 16. Nf3 Qd7 17. Be5 Be7 18. Qd3 f6 19. Bf4 Bd6 20. Bd2 Rae8 21. h3 Bc7
22. Rxe8 Rxe8 23. Re1 Rxe1+ 24. Nxe1 Nd6 25. Bf4 Ne4 26. Bxc7 Qxc7 27. Qe2 Qf4
28. Nd3 Qd2 29. Kf1 Qxe2+ 30. Kxe2 Kf7 31. Ke3 Nd6 32. f3 h5 33. g4 hxg4 34.
hxg4 g5 35. b3 Ke7 36. a4 a5 37. Nc1 Ke6 38. Nd3 Ke7 39. Nc1 Ke6 40. Nd3 Ke7 1/2-1/2

[Event "10th Ugra Governor's Cup"]
[Site "Khanty-Mansiysk RUS"]
[Date "2014.11.05"]
[Round "1.8"]
[White "Khairullin, Ildar"]
[Black "Matsenko, Sergei"]
[Result "1-0"]
[WhiteTitle "GM"]
[BlackTitle "IM"]
[WhiteElo "2625"]
[BlackElo "2482"]
[WhiteFideId "4151348"]
[BlackFideId "4170083"]
[EventDate "2014.11.05"]

1. d4 Nf6 2. c4 e6 3. Nf3 b6 4. Nc3 Bb7 5. e3 g6 6. Bd3 Bg7 7. e4 d6 8. O-O O-O
9. Bg5 h6 10. Be3 Nbd7 11. h3 e5 12. d5 a5 13. Qd2 Kh7 14. a3 Nh5 15. b4 Nf4 16.
Bc2 Qf6 17. Kh2 Ba6 18. Ba4 Qe7 19. Bb5 f5 20. Bxa6 fxe4 21. Nxe4 Rxa6 22. Rfe1
Qd8 23. Qc2 Ra8 24. Rad1 axb4 25. axb4 Rf5 26. Nfd2 Qc8 27. Ra1 Rxa1 28. Rxa1
Rf7 29. Ra7 Qb8 30. Qa2 Nd3 31. b5 Qd8 32. g3 Qf8 33. Kg1 Nf6 34. Nxf6+ Bxf6 35.
Ne4 Bg7 36. Qe2 Qb8 37. Ra3 Nc5 38. Bxc5 dxc5 39. Qg4 Rf5 40. Qd1 h5 41. h4 Bh6
42. d6 cxd6 43. Qxd6 Qxd6 44. Nxd6 Rf6 45. Ne4 Rf7 46. Ra6 Rb7 47. Nf6+ Kg7 48.
Nd5 e4 49. Rxb6 1-0

[Event "10th Ugra Governor's Cup"]
[Site "Khanty-Mansiysk RUS"]
[Date "2014.11.05"]
[Round "1.9"]
[White "Potapov, Pavel"]
[Black "Kokarev, Dmitry"]
[Result "0-1"]
[WhiteTitle "IM"]
[BlackTitle "GM"]
[WhiteElo "2479"]
[BlackElo "2624"]
[WhiteFideId "4169786"]
[BlackFideId "4132181"]
[EventDate "2014.11.05"]

1. e4 c5 2. c3 Nf6 3. e5 Nd5 4. Nf3 d6 5. d4 cxd4 6. cxd4 Nc6 7. Bc4 dxe5 8.
dxe5 Ndb4 9. Qb3 e6 10. O-O Na5 11. Bb5+ Bd7 12. Qa4 Bxb5 13. Qxb5+ Nac6 14. Nc3
a6 15. Qc4 Qd3 16. Qg4 Qg6 17. Qxg6 hxg6 18. Rd1 Be7 19. Bf4 Rd8 20. Rxd8+ Bxd8
21. Rd1 Ne7 22. Bg5 Bc7 23. Ne4 Ned5 24. Nc5 b6 25. Nd3 Nxd3 26. Rxd3 Kd7 27.
Kf1 Rc8 28. Ke1 b5 29. Kd1 Bb6 30. Rd2 Rc4 31. Bh4 a5 32. Bg3 a4 33. a3 b4 34.
axb4 Rxb4 35. Rc2 Bd8 36. Rd2 Be7 37. Kc2 g5 38. h3 Rc4+ 39. Kd1 Kc6 40. Rc2 Kb5
41. Nd2 Rd4 42. Ke2 Rb4 43. f3 f5 44. Nb1 Rb3 45. Bf2 Nf4+ 46. Kf1 Bb4 47. Ba7
Rd3 48. Kf2 Rd1 49. Na3+ Ka6 0-1

[Event "10th Ugra Governor's Cup"]
[Site "Khanty-Mansiysk RUS"]
[Date "2014.11.05"]
[Round "1.10"]
[White "Ponkratov, Pavel"]
[Black "Gordievsky, Dmitry"]
[Result "1/2-1/2"]
[WhiteTitle "GM"]
[BlackTitle "FM"]
[WhiteElo "2624"]
[BlackElo "2471"]
[WhiteFideId "4157800"]
[BlackFideId "24112798"]
[EventDate "2014.11.05"]

1. e4 c5 2. Nf3 d6 3. d4 cxd4 4. Nxd4 Nf6 5. Nc3 a6 6. Be3 e6 7. f3 b5 8. Qd2 b4
9. Na4 Nbd7 10. g4 h6 11. O-O-O Ne5 12. Bf4 Bd7 13. Qxb4 Ng6 14. Bxd6 Bxd6 15.
Qxd6 Bxa4 16. Qxd8+ Rxd8 17. Bxa6 Bd7 18. Kb1 Ke7 19. b3 Ra8 20. Be2 Nf4 21. Bc4
h5 22. g5 Nh7 23. h4 Nf8 24. a4 N8g6 25. Bb5 Bxb5 26. axb5 Ne5 27. Rd2 Rhd8 28.
Rhd1 Rxd4 29. Rxd4 Ne2 30. R4d3 Nxd3 31. Rxd3 Rd8 32. Re3 Nf4 33. e5 Rd5 34. Re4
Ng6 35. c4 Rxe5 36. Rd4 Re3 37. Kc2 Ne5 38. c5 Nd7 39. b4 Rxf3 40. b6 Rf5 41. b7
Nb8 42. Kc3 Rd5 43. Rxd5 exd5 44. b5 f5 45. gxf6+ gxf6 46. c6 1/2-1/2

[Event "10th Ugra Governor's Cup"]
[Site "Khanty-Mansiysk RUS"]
[Date "2014.11.05"]
[Round "1.11"]
[White "Yuffa, Daniil"]
[Black "Goganov, Aleksey"]
[Result "0-1"]
[WhiteTitle "IM"]
[BlackTitle "GM"]
[WhiteElo "2467"]
[BlackElo "2609"]
[WhiteFideId "24131423"]
[BlackFideId "24109959"]
[EventDate "2014.11.05"]

1. d4 d5 2. c4 c6 3. Nf3 Nf6 4. e3 Bf5 5. Nc3 e6 6. Nh4 Bg6 7. Be2 Nbd7 8. Bd2
Bd6 9. g3 O-O 10. Nxg6 hxg6 11. O-O Qe7 12. Qb3 Rab8 13. Bd3 dxc4 14. Qxc4 Rfd8
15. Rfd1 a6 16. Be2 c5 17. dxc5 Nxc5 18. b4 Ncd7 19. a3 Rbc8 20. Qb3 b5 21. Rab1
Be5 22. a4 Nb6 23. Be1 Rxd1 24. Rxd1 Bxc3 25. Bxc3 Nfd5 26. Be5 Nxa4 27. Bf3
Nxb4 28. Kg2 Nc6 29. Bd6 Qe8 30. h4 Na5 31. Qb4 Nc4 32. Bf4 Nab2 33. Ra1 Nd3 34.
Qb3 Nxf4+ 35. exf4 Nd2 0-1

[Event "10th Ugra Governor's Cup"]
[Site "Khanty-Mansiysk RUS"]
[Date "2014.11.05"]
[Round "1.12"]
[White "Savchenko, Boris"]
[Black "Goryachkina, Aleksandra"]
[Result "1/2-1/2"]
[WhiteTitle "GM"]
[BlackTitle "WGM"]
[WhiteElo "2598"]
[BlackElo "2438"]
[WhiteFideId "4147332"]
[BlackFideId "4147103"]
[EventDate "2014.11.05"]

1. e4 e5 2. Nf3 Nc6 3. d4 exd4 4. Nxd4 Nf6 5. Nxc6 bxc6 6. e5 Qe7 7. Qe2 Nd5 8.
c4 Ba6 9. Qe4 Nf6 10. Qe2 Nd5 11. b3 g6 12. f4 Qb4+ 13. Kd1 O-O-O 14. Kc2 Qb6
15. a3 Bg7 16. Qf3 Ne7 17. Be3 Qb7 18. Nc3 d6 19. Re1 c5 20. Ne4 Nf5 21. Bd3 Qb6
22. Ng5 Rd7 23. g4 Nxe3+ 24. Rxe3 Kb8 25. e6 fxe6 26. Nxe6 Bd4 27. Ree1 Qa5 28.
Nxd4 cxd4 29. Be4 Re7 30. b4 Qb6 31. Bd5 Re3 32. Rxe3 dxe3 33. Qe4 Bc8 34. Re1
Bxg4 35. Qxe3 Bf5+ 36. Kc3 Qxe3+ 37. Rxe3 Kc8 38. Re7 Kd8 39. Rf7 Re8 40. Rxh7
Re3+ 41. Kb2 Re2+ 42. Kc1 Re1+ 43. Kd2 Ra1 44. h4 Ra2+ 45. Kc1 Rxa3 46. h5 gxh5
47. Rxh5 Bd7 48. b5 Rh3 49. Rg5 Rh4 50. Rg8+ Ke7 51. Rg7+ Kd8 52. Rf7 Be8 53.
Rf6 Ke7 54. Re6+ Kd8 55. Re4 Bg6 56. Rd4 Rh2 57. Kd1 Ke7 58. Ke1 Kf6 59. Bf3 Rb2
60. Be2 Bf5 61. c5 dxc5 62. Rd5 1/2-1/2

[Event "10th Ugra Governor's Cup"]
[Site "Khanty-Mansiysk RUS"]
[Date "2014.11.05"]
[Round "1.13"]
[White "Kozionov, Kirill"]
[Black "Smirnov, Pavel"]
[Result "0-1"]
[WhiteTitle "FM"]
[BlackTitle "GM"]
[WhiteElo "2403"]
[BlackElo "2592"]
[WhiteFideId "24101729"]
[BlackFideId "4123425"]
[EventDate "2014.11.05"]

1. e4 c5 2. Nf3 d6 3. d4 cxd4 4. Nxd4 Nf6 5. Nc3 a6 6. Be3 e6 7. f3 b5 8. Qd2
Nbd7 9. g4 b4 10. Na4 h6 11. O-O-O Ne5 12. Qxb4 Bd7 13. Bf4 g5 14. Bd2 Rb8 15.
Qa3 a5 16. Nb3 Qc7 17. Bc3 Be7 18. Be2 d5 19. Nbc5 dxe4 20. Na6 Nd3+ 21. Rxd3
Qf4+ 22. Bd2 Bxa3 23. Rxa3 Qd6 24. Nxb8 Qxb8 25. Nc5 Bc6 26. Na6 Qd6 27. Bxa5
exf3 28. Nc7+ Ke7 29. Bxf3 Qf4+ 30. Kb1 Ne4 31. Rf1 Rb8 32. Na6 Rb5 33. Be2 Nd2+
34. Bxd2 Qxd2 35. Bxb5 Bxb5 36. Rc1 Qd6 37. Nb8 Qxb8 38. Rb3 Qe5 39. h3 Qe2 40.
Rb4 Bc6 41. a4 Qd2 42. Rc4 Bd5 43. Rc7+ Kd6 44. Rxf7 Ba2+ 45. Kxa2 Qxc1 46. c3
Qd1 47. Ka3 e5 48. Rf8 Ke7 49. Ra8 e4 50. Ra5 Qd6+ 51. b4 e3 0-1

[Event "10th Ugra Governor's Cup"]
[Site "Khanty-Mansiysk RUS"]
[Date "2014.11.06"]
[Round "2.1"]
[White "Matlakov, Maxim"]
[Black "Khairullin, Ildar"]
[Result "1/2-1/2"]
[WhiteTitle "GM"]
[BlackTitle "GM"]
[WhiteElo "2685"]
[BlackElo "2625"]
[WhiteFideId "4168003"]
[BlackFideId "4151348"]
[EventDate "2014.11.05"]

1. d4 Nf6 2. c4 e6 3. Nf3 b6 4. g3 Bb7 5. Bg2 Be7 6. O-O O-O 7. Re1 Na6 8. Ne5
Bxg2 9. Kxg2 c5 10. d5 Qc7 11. Nf3 exd5 12. cxd5 d6 13. Nc3 Qb7 14. e4 b5 15.
Bf4 Rad8 16. a3 Nd7 17. b4 Bf6 18. Rc1 Qb6 19. Qb3 Rfe8 20. bxc5 Naxc5 21. Qxb5
Bxc3 22. Qxb6 Nxb6 23. Rxc3 Nxe4 24. Rc7 Nxd5 25. Rxa7 Nxf4+ 26. gxf4 h6 27. Nd4
Nc5 28. Rxe8+ Rxe8 29. Kf3 Rb8 30. Nf5 Rb3+ 31. Ne3 d5 32. Ra8+ Kh7 33. Rd8 Rxa3
34. Rxd5 Ne6 35. f5 Ng5+ 36. Kg2 Ne4 37. Rd4 Nf6 38. Nd5 Nxd5 39. Rxd5 g6 40.
fxg6+ Kxg6 1/2-1/2

[Event "10th Ugra Governor's Cup"]
[Site "Khanty-Mansiysk RUS"]
[Date "2014.11.06"]
[Round "2.2"]
[White "Kokarev, Dmitry"]
[Black "Sjugirov, Sanan"]
[Result "1-0"]
[WhiteTitle "GM"]
[BlackTitle "GM"]
[WhiteElo "2624"]
[BlackElo "2673"]
[WhiteFideId "4132181"]
[BlackFideId "4189302"]
[EventDate "2014.11.05"]

1. e4 c6 2. d4 d5 3. Nc3 dxe4 4. Nxe4 Nd7 5. Bd3 Ngf6 6. Ng5 e6 7. N1f3 Bd6 8.
Qe2 h6 9. Ne4 Nxe4 10. Qxe4 Qc7 11. Qg4 Kf8 12. Nd2 e5 13. Nc4 Nc5 14. Qg3 Nxd3+
15. cxd3 f6 16. Bd2 Be6 17. Nxd6 Qxd6 18. Bc3 Rd8 19. Rd1 exd4 20. Qxd6+ Rxd6
21. Bb4 Ke7 22. Kd2 a5 23. Bxd6+ Kxd6 24. a3 Ra8 25. Rhe1 Ra6 26. Re4 c5 27.
Rde1 Bf5 28. Re7 Rb6 29. Kc1 Rb3 30. Rxg7 Bxd3 31. Rf7 c4 32. Rxf6+ Kd5 33. Rf3
c3 34. bxc3 Kc4 35. cxd4 Kxd4 36. Rxd3+ Rxd3 37. Rd1 1-0

[Event "10th Ugra Governor's Cup"]
[Site "Khanty-Mansiysk RUS"]
[Date "2014.11.06"]
[Round "2.3"]
[White "Artemiev, Vladislav"]
[Black "Goganov, Aleksey"]
[Result "1-0"]
[WhiteTitle "GM"]
[BlackTitle "GM"]
[WhiteElo "2660"]
[BlackElo "2609"]
[WhiteFideId "24101605"]
[BlackFideId "24109959"]
[EventDate "2014.11.05"]

1. Nf3 Nf6 2. g3 g6 3. b3 Bg7 4. Bb2 c5 5. Bg2 O-O 6. c4 Nc6 7. O-O d6 8. d3 Bf5
9. Nc3 Qc8 10. Re1 Bh3 11. Bh1 Rd8 12. Qd2 h6 13. Nd5 Nh5 14. Bxg7 Kxg7 15. Qb2+
Kg8 16. d4 e6 17. Ne3 cxd4 18. Nxd4 Nxd4 19. Qxd4 e5 20. Qh4 Kg7 21. Bf3 Nf6 22.
g4 e4 23. Qxh3 exf3 24. Qxf3 Qe6 25. Rad1 Rd7 26. Rd4 Re8 27. h4 Ne4 28. Qf4 b5
29. cxb5 d5 30. Kg2 Qb6 31. Rxd5 Rde7 32. Qf3 Re6 33. g5 hxg5 34. hxg5 Rh8 35.
Qf4 Rh5 36. Rc1 Qa5 37. Re5 Qd2 38. Rc7 1-0

[Event "10th Ugra Governor's Cup"]
[Site "Khanty-Mansiysk RUS"]
[Date "2014.11.06"]
[Round "2.4"]
[White "Smirnov, Pavel"]
[Black "Khismatullin, Denis"]
[Result "0-1"]
[WhiteTitle "GM"]
[BlackTitle "GM"]
[WhiteElo "2592"]
[BlackElo "2679"]
[WhiteFideId "4123425"]
[BlackFideId "4142578"]
[EventDate "2014.11.05"]

1. d4 Nf6 2. c4 e6 3. Nf3 b6 4. g3 Bb7 5. Bg2 Be7 6. O-O O-O 7. Nc3 Ne4 8. Bd2
Bf6 9. Ne5 Nxc3 10. Bxc3 Bxg2 11. Kxg2 d5 12. Ng4 Be7 13. Qd3 c6 14. e4 Nd7 15.
cxd5 cxd5 16. exd5 exd5 17. a4 Re8 18. a5 Nf6 19. Nxf6+ Bxf6 20. axb6 axb6 21.
Qb5 Re6 22. Rfe1 Rxa1 23. Rxa1 h5 24. Ra7 Re7 25. Rxe7 Bxe7 26. h4 g6 27. b4 Qd6
28. Qe8+ Kg7 29. b5 Bf6 30. Qc6 Qa3 31. Bd2 Bxd4 32. Qxd5 Qc5 33. Qxc5 Bxc5 34.
Bc3+ Kf8 35. f3 Ke7 36. g4 Ke6 37. Bd2 Bd6 38. Bg5 f6 39. Be3 Bc7 40. Kf2 Kd5
41. Ke2 Kc4 42. Bd2 Bg3 43. Be3 Kxb5 44. gxh5 gxh5 45. Kd3 Bxh4 46. Ke4 Bg3 47.
f4 h4 48. f5 h3 49. Kf3 Be5 0-1

[Event "10th Ugra Governor's Cup"]
[Site "Khanty-Mansiysk RUS"]
[Date "2014.11.06"]
[Round "2.5"]
[White "Riazantsev, Alexander"]
[Black "Looshnikov, Nikolai"]
[Result "1-0"]
[WhiteTitle "GM"]
[BlackTitle "IM"]
[WhiteElo "2678"]
[BlackElo "2490"]
[WhiteFideId "4125029"]
[BlackFideId "4150104"]
[EventDate "2014.11.05"]

1. d4 d5 2. c4 c6 3. Nf3 Nf6 4. Nc3 g6 5. Bf4 dxc4 6. a4 Nd5 7. Bd2 Nb4 8. e4
Be6 9. Be3 Bg7 10. Be2 Nd3+ 11. Bxd3 cxd3 12. Qxd3 Na6 13. O-O O-O 14. Qd2 Bg4
15. Ne1 Qa5 16. Bh6 Rad8 17. Bxg7 Kxg7 18. h3 Be6 19. Nf3 Bc4 20. Rfc1 Nc5 21.
Nb1 Qa6 22. Qb4 Nb3 23. Rxc4 Nxa1 24. Nbd2 c5 25. dxc5 Rd3 26. Rc1 Rfd8 27. Rxa1
Qf6 28. Ra3 b6 29. Rxd3 Rxd3 30. cxb6 axb6 31. e5 Qc6 32. Qxe7 Qc1+ 33. Kh2 Rxd2
34. e6 Rxf2 35. exf7 Qf4+ 36. Kg1 1-0

[Event "10th Ugra Governor's Cup"]
[Site "Khanty-Mansiysk RUS"]
[Date "2014.11.06"]
[Round "2.6"]
[White "Timofeev, Artyom"]
[Black "Mamedov, Rauf"]
[Result "0-1"]
[WhiteTitle "GM"]
[BlackTitle "GM"]
[WhiteElo "2583"]
[BlackElo "2652"]
[WhiteFideId "4140419"]
[BlackFideId "13401653"]
[EventDate "2014.11.05"]

1. c4 Nf6 2. Nc3 g6 3. g3 Bg7 4. Bg2 e5 5. Nf3 d6 6. O-O O-O 7. d3 Nc6 8. Rb1 a5
9. a3 Re8 10. Bg5 h6 11. Bxf6 Bxf6 12. b4 axb4 13. axb4 Bg7 14. b5 Ne7 15. Qc2
c6 16. Nd2 Be6 17. bxc6 bxc6 18. Ra1 d5 19. Rxa8 Qxa8 20. Rb1 Nf5 21. cxd5 cxd5
22. Qa4 e4 23. Qxa8 Rxa8 24. dxe4 Bxc3 25. exf5 Bxf5 26. Rd1 Ra2 27. Nf3 d4 28.
Kf1 Kg7 29. Ne1 h5 30. h4 d3 31. Nxd3 Bxd3 32. exd3 Bd4 33. Bd5 Rxf2+ 34. Ke1
Rf6 35. Ke2 Rf2+ 36. Ke1 Rf5 37. Be4 Rf6 38. Ke2 Bf2 39. g4 hxg4 40. Rh1 Bd4 41.
h5 Rf2+ 42. Ke1 f5 43. Bd5 g3 44. hxg6 Bc3+ 45. Kd1 g2 0-1

[Event "10th Ugra Governor's Cup"]
[Site "Khanty-Mansiysk RUS"]
[Date "2014.11.06"]
[Round "2.7"]
[White "Bukavshin, Ivan"]
[Black "Shomoev, Anton"]
[Result "1/2-1/2"]
[WhiteTitle "GM"]
[BlackTitle "GM"]
[WhiteElo "2629"]
[BlackElo "2569"]
[WhiteFideId "4199758"]
[BlackFideId "4135148"]
[EventDate "2014.11.05"]

1. d4 Nf6 2. c4 e6 3. Nf3 b6 4. g3 Bb4+ 5. Bd2 Bxd2+ 6. Qxd2 Ba6 7. b3 c6 8. Bg2
d5 9. Ne5 Nfd7 10. Nd3 dxc4 11. Nb4 cxb3 12. Nxa6 Nxa6 13. axb3 Nab8 14. O-O O-O
15. Rc1 a5 16. b4 Ra6 17. e3 axb4 18. Rxa6 Nxa6 19. Bxc6 Nf6 20. Bb7 Nc7 21.
Qxb4 Ncd5 22. Qb2 Qe7 23. Ba6 Ne4 24. Bd3 f5 25. Bxe4 fxe4 26. Nd2 Qf6 27. Nxe4
Qf3 28. Qc2 h6 29. Nd6 Nc3 30. Qxc3 Qxf2+ 31. Kh1 Qf3+ 32. Kg1 Qf2+ 33. Kh1 Qf3+
34. Kg1 Qf2+ 1/2-1/2

[Event "10th Ugra Governor's Cup"]
[Site "Khanty-Mansiysk RUS"]
[Date "2014.11.06"]
[Round "2.8"]
[White "Pridorozhni, Aleksei"]
[Black "Ponkratov, Pavel"]
[Result "0-1"]
[WhiteTitle "GM"]
[BlackTitle "GM"]
[WhiteElo "2533"]
[BlackElo "2624"]
[WhiteFideId "4127870"]
[BlackFideId "4157800"]
[EventDate "2014.11.05"]

1. e4 e5 2. Nf3 Nc6 3. Bc4 Nf6 4. Ng5 d5 5. exd5 Na5 6. Bb5+ c6 7. dxc6 bxc6 8.
Qf3 Rb8 9. Bd3 Bd6 10. Nc3 Bg4 11. Qe3 Nd5 12. Qg3 f5 13. Ne6 Qd7 14. Nxg7+ Qxg7
15. Bxf5 Rg8 16. Ne4 Be7 17. Bxg4 Qxg4 18. f3 Qe6 19. Qf2 c5 20. d3 Nc6 21. O-O
Rg6 22. c3 Qf5 23. Kh1 Nf4 24. Bxf4 exf4 25. Rad1 Rd8 26. d4 cxd4 27. cxd4 Nb4
28. d5 Nxd5 29. Qxa7 Kf8 30. Rf2 Rc8 31. Qa5 Ne3 32. Qxf5+ Nxf5 33. a3 Bd8 34.
b4 Bb6 35. Ra2 Rc4 36. Nd2 Ng3+ 0-1

[Event "10th Ugra Governor's Cup"]
[Site "Khanty-Mansiysk RUS"]
[Date "2014.11.06"]
[Round "2.9"]
[White "Gordievsky, Dmitry"]
[Black "Savchenko, Boris"]
[Result "1/2-1/2"]
[WhiteTitle "FM"]
[BlackTitle "GM"]
[WhiteElo "2471"]
[BlackElo "2598"]
[WhiteFideId "24112798"]
[BlackFideId "4147332"]
[EventDate "2014.11.05"]

1. d4 e6 2. c4 Nf6 3. Nc3 d5 4. cxd5 exd5 5. Bg5 c6 6. e3 h6 7. Bh4 Bd6 8. Bd3
Be6 9. Nge2 Nbd7 10. Bg3 Qc7 11. b4 O-O 12. O-O Rfc8 13. Qd2 Bxg3 14. Nxg3 Qd6
15. Na4 a5 16. a3 b6 17. f4 axb4 18. axb4 Bg4 19. h3 Be6 20. Qf2 Rc7 21. f5 Rca7
22. fxe6 fxe6 23. Nxb6 Rxa1 24. Nxa8 Rxa8 25. e4 dxe4 26. Nxe4 Qxb4 27. Nxf6+
Nxf6 28. Bg6 Rd8 29. Rb1 Qd6 30. Re1 Qd5 31. Re5 Qb3 32. Qe2 Rd6 33. Kh2 Kf8 34.
Ra5 Ke7 35. Qe5 Qb4 36. Be4 Qxd4 37. Qxd4 Rxd4 38. Bxc6 e5 39. Ra7+ Kd6 40. Bb5
Rb4 41. Be2 Rb2 42. Bd1 Rd2 43. Bg4 h5 44. Bc8 e4 45. Rxg7 e3 46. Ba6 e2 47.
Bxe2 Rxe2 48. Kg3 Re4 49. Kf3 Rh4 50. g4 Ke6 1/2-1/2